000 00808nam a22002057a 4500
003
005 20250930125429.0
008 250903s1998 cl ||||fr|||| 000 0 eng d
040 _aMX-MxUPN
_bspa
_cMX-MxUPN
041 0 _aeng
050 1 4 _aLB2829
_bP3 1998
110 1 _aPrograma de Promoción de la Reforma Educativa en América Latina
_957602
245 1 4 _aThe future at stake
_b: report task force on education, equity, and economic competitiveness in Latin America and the Caribbean.
260 _aSantiago de Chile, PREAL :
_bInter-American Dialogue : Corporation for development research,
_c1998
300 _a29 páginas
650 4 _aDesarrollo económico
_xEfecto de la educación
_91404
650 4 _aEducación
_zAmérica Latina
_99694
902 _aBerenice Martínez/030925
942 _2ddc
_cFOLL
999 _c213968
_d213968